MARC
| LEADER | 00000cam a2200000 7i4500 | ||
|---|---|---|---|
| 001 | 0000004033 | ||
| 005 | 20050629.0 | ||
| 040 | |a INS | ||
| 090 | 0 | 0 | |a BP80.T49. |b T54 1991 |
| 100 | 1 | |a Al-Samawi, Mohammad Al Tijani | |
| 245 | 1 | 0 | |a Akhirnya kutemukan kebenaran |c Muhammad Al Tijani Al Samawi penterjemah: Syed Hussein Shahab |
| 260 | |a [s.l][s.n.] , |c 1991 | ||
| 300 | |a 306p ; |c 21cm. | ||
| 650 | 0 | 0 | |a Islam |
| 650 | 0 | 0 | |a Shiites |
| 999 | |a 0000004459 |b BOOK |c Open Shelf |e Default branch | ||